;The need for nudges by the Supreme Court of India: The case of the appointment and removal of the Governors in India (Record no. 512741)

000 -LEADER
fixed length control field 00630nam a2200169 4500
008 - FIXED-LENGTH DATA ELEMENTS--GENERAL INFORMATION
fixed length control field 191213b ||||| |||| 00| 0 eng d
100 ## - MAIN ENTRY--PERSONAL NAME
Personal name Souza, Siddharth Peter de
245 ## - TITLE STATEMENT
Title ;The need for nudges by the Supreme Court of India: The case of the appointment and removal of the Governors in India
260 ## - PUBLICATION, DISTRIBUTION, ETC. (IMPRINT)
Name of publisher, distributor, etc Indian Journal of Public Administration
300 ## - PHYSICAL DESCRIPTION
Extent 65(2), Jun, 2019: p.390-408.
650 ## - SUBJECT ADDED ENTRY--TOPICAL TERM
Topical term or geographic name as entry element Supreme Court - India
9 (RLIN) 14501
650 ## - SUBJECT ADDED ENTRY--TOPICAL TERM
Topical term or geographic name as entry element Nudge theory
9 (RLIN) 14502
700 ## - ADDED ENTRY--PERSONAL NAME
Personal name Agarwala, Aayush
9 (RLIN) 14503
773 ## - HOST ITEM ENTRY
Main entry heading Indian Journal of Public Administration
906 ## - LOCAL DATA ELEMENT F, LDF (RLIN)
Subject DIP Governors - India
942 ## - ADDED ENTRY ELEMENTS (KOHA)
Source of classification or shelving scheme
Item type Articles

No items available.

Powered by Koha